000 00506nam a22001697a 4500
999 _c32263
_d32263
008 260427b ||||| |||| 00| 0 eng d
020 _a9788125918653
082 0 0 _a531
_bR1615
100 _93302
_aRajasekaran, S.
245 1 0 _aFundamentals of engineering mechanics /
_cS. Rajasekaran and G. Sankarasubramanian
250 _a3rd ed.
260 _aNoida :
_bVikas Publishing House pvt ltd,
_c2005.
300 _aInd2 p.
650 0 _aMechanics
700 _95411
_aSankarasubramanian, G.
942 _cBK